| 000 | 00438nam a2200169Ia 4500 | ||
|---|---|---|---|
| 008 | 221030s9999 xx 000 0 und d | ||
| 020 | _a0074600818 | ||
| 041 | _aEnglish | ||
| 082 |
_a105.23 _bHug |
||
| 100 | _aB. Hughes | ||
| 245 | 0 |
_aSoftware Project Management ( DEPARTMENTAL ) _cby B. Hughes, M. Cotterell |
|
| 260 |
_bTMH _aNew Delhi _c2003 |
||
| 300 | _a621 | ||
| 650 | _aCSE Departmental | ||
| 700 | _aM. Cotterell | ||
| 942 | _cBK | ||
| 999 |
_c1633 _d1633 |
||